000 00451nam a2200169Ia 4500
001 58671
008 150605n ii |||gr||||Z||||||465
082 _a081
100 _aThompson,
_eE.P.,
245 0 _aThe Proverty of Theory
_cE.P.Thompson
_hTextual Documents
250 _aIst ed - 2010.
260 _aDelhi:
_bAAKAR.
300 _a303p:
_c23cm.
653 _aCollections in American English
653 _aEncyclopaedia(General)
942 _2ddc
_cBK
999 _c58559
_d58559